000 00637nam a2200217Ia 4500
008 160319s9999 xx 000 0 und d
245 _aChef Donald /
245 _cWalt Disney Home Entertainment (Firm); Berjaya HVN.
260 _aBurbank, Calif. :
260 _bWalt Disney Home Video.
260 _c2001
300 _a1 videodisc :
300 _bsound, colored ;
300 _c4 3/4 in.
440 _aDisney Cartoon classics.
650 _aAnimated films.
650 _aDonald Duck (Fictitious character)
650 _aDonald Duck (Fictitious character) --
650 _aFeature films.
650 _xJuvenile films.
999 _c292673
_d292673